00854cam a2200253 a 4500001000800000005001700008008004100025010001700066020001500083040001800098041001300116050002600129082001900155100003300174240002600207245012000233246003600353250001200389260003700401300002800438504005300466600006000519700002100579161483020200421093816.0950313s1995 nyu b 000 0 eng  a 95013074  a0802115772 aDLCcDLCdDLC1 aenghfre00aPQ2603.E378bA24 199500a848/.914092201 aBeckett, Samuel,d1906-1989.10aProse works.lEnglish10aSamuel Beckett: the complete short prose, 1929-1989 /cedited and with an introduction and notes by S.E. Gontarski.30aComplete short prose, 1929-1989 a1st ed. aNew York :bGrove Press,cc1995. axxxii, 294 p. ;c23 cm. aIncludes bibliographical references (p. 287-292)10aBeckett, Samuel,d1906-1989vTranslations into English.1 aGontarski, S. E.